Ariadné

Bibliographic Details
Main Author: Kozsár, Zsuzsanna, 1970- (Author)
Format: Article
Language:Hungarian
PhysicalDescription:Obr.
ISSN:1336-5088
Subjects:

MARC

LEADER 00000nab a2200000 ar4500
001 vtls009487783
003 SK-MaSNL
005 20260303044734.0
008 090327c2009 xo |||||||| |000 b|hun
015 |a SNBRB2009/03  |2 snkbucl 
038 |a SNKBUCL 
040 |a DSZK  |b slo  |c DSZK  |e AACR2 
041 0 |a hun 
044 |a xo  |c SK 
080 |a 821.511.141 (437.6)-32=511.141  |2 1997 
100 1 |a Kozsár, Zsuzsanna,  |d 1970-  |4 aut  |9 102319 
245 1 0 |a Ariadné  |c Kozsár Zsuzsanna 
300 |b Obr. 
650 0 7 |a psychologické poviedky, maďarské  |2 snkbucl  |9 71096 
773 0 |t Irodalmi szemle  |g Évf. LII, sz. 1 (2009), o. 77-85  |x 1336-5088 
852 |a SNK  |b KIS3GCP 
852 |a DSZK  |b KIS3GCP 
958 |a HU 
958 |a SK 
958 |a LX 
999 |c 1701351  |d 1703281